[Event "XIII American Continental"]
[Site "Montevideo URU"]
[Date "2018.06.01"]
[Round "1"]
[White "Vazquez, Facundo"]
[Black "Sosa, Tomas"]
[Result "0-1"]
[WhiteElo "1969"]
[BlackElo "2453"]
[EventDate "2018.06.01"]
[PlyCount "78"]

1.d4 d5 2.c4 e6 3.Nf3 Nf6 4.cxd5 exd5 5.Bg5 Nbd7 6.Nc3 Bb4 7.Qc2 h6 8.Bf4 
Ne4 9.Nd2 Nxc3 10.bxc3 Be7 11.e3 O-O 12.Bd3 c5 13.O-O c4 14.Bf5 b5 15.e4 
Nb6 16.Rab1 a6 17.Nf3 Bd6 18.Be5 Bb7 19.Bxd6 Qxd6 20.e5 Qe7 21.e6 fxe6 22.
Bh7+ Kh8 23.Ne5 Rf6 24.Ng6+ Rxg6 25.Bxg6 e5 26.dxe5 Qxe5 27.Rbe1 Qf6 28.
Re3 d4 29.cxd4 Nd5 30.Re5 Nb4 31.Qf5 Nc6 32.Qxf6 gxf6 33.Rd5 Ne5 34.Rxe5 
fxe5 35.dxe5 Rg8 36.Bb1 Rxg2+ 37.Kh1 Rxf2+ 38.Kg1 Rg2+ 39.Kh1 Rg5+ 0-1

[Event "XIII American Continental"]
[Site "Montevideo URU"]
[Date "2018.06.01"]
[Round "1"]
[White "Vazquez Colman, Guillermo"]
[Black "Palma Neira, Eliseo Maximiliano"]
[Result "1-0"]
[WhiteElo "2436"]
[BlackElo "1956"]
[EventDate "2018.06.01"]
[PlyCount "101"]

1.d4 d5 2.c4 e6 3.Nf3 Nf6 4.Nc3 c6 5.Qb3 Bd6 6.Bg5 O-O 7.e4 dxe4 8.Nxe4 
Be7 9.Nc3 c5 10.dxc5 Qc7 11.Be2 Nbd7 12.O-O Nxc5 13.Qc2 a6 14.Rfd1 b6 15.
b4 Ncd7 16.a3 Bb7 17.Qc1 Ne5 18.Nxe5 Qxe5 19.Bf4 Qf5 20.Qe3 Bd8 21.h3 Qg6 
22.f3 Nh5 23.Be5 f5 24.Rd7 Bc6 25.Rd6 Bg5 26.Qd4 Rfd8 27.Rd1 Rxd6 28.Bxd6 
Qh6 29.Rd3 Nf4 30.Bxf4 Bxf4 31.Qxb6 Be8 32.Bf1 Rb8 33.Qa7 Rd8 34.Nd1 Qh4 
35.Qf2 Bg3 36.Qe3 e5 37.Rxd8 Qxd8 38.Qd3 Qg5 39.c5 Bb5 40.Qd5+ Kf8 41.Bxb5
axb5 42.c6 Qe7 43.Qxb5 Qd8 44.Qc5+ Ke8 45.Ne3 Bf4 46.Nf1 Qd4+ 47.Qxd4 exd4
48.Kf2 d3 49.b5 Bd6 50.Ke3 Bxa3 51.Kxd3 1-0

[Event "XIII American Continental"]
[Site "Montevideo URU"]
[Date "2018.06.01"]
[Round "1"]
[White "Rodriguez Farias, Eduardo"]
[Black "Roselli Mailhe, Bernardo"]
[Result "0-1"]
[WhiteElo "1943"]
[BlackElo "2433"]
[EventDate "2018.06.01"]
[PlyCount "66"]

1.e4 e5 2.Nf3 Nc6 3.Bc4 Bc5 4.O-O d6 5.c3 Bb6 6.d4 Qe7 7.h3 Nf6 8.Re1 h6 
9.Nbd2 a6 10.Nf1 g5 11.Ne3 g4 12.hxg4 Bxg4 13.Nd5 Qd8 14.Nxb6 cxb6 15.Qd3 
Qc7 16.dxe5 dxe5 17.Bb3 Nd7 18.Nh2 Nc5 19.Qg3 Be6 20.Bxe6 Nxe6 21.Rd1 Nb8 
22.Ng4 Nd7 23.Nxh6 O-O-O 24.Nxf7 Rdg8 25.Nd6+ Kb8 26.Qd3 Ndc5 27.Qd5 Rxg2+
28.Kxg2 Qg7+ 29.Kf3 Rh3+ 30.Ke2 Qg4+ 31.Kd2 Nf4 32.Qc4 Rd3+ 33.Qxd3 Ncxd3 
0-1

[Event "XIII American Continental"]
[Site "Montevideo URU"]
[Date "2018.06.01"]
[Round "1"]
[White "Fernandez Cardoso, Alexey"]
[Black "Chaves, Jorge Antonio Torres"]
[Result "1-0"]
[WhiteElo "2429"]
[BlackElo "1936"]
[EventDate "2018.06.01"]
[PlyCount "49"]

1.e4 e5 2.Nf3 Nc6 3.Bb5 a6 4.Ba4 Nf6 5.O-O Be7 6.Re1 b5 7.Bb3 d6 8.c3 O-O 
9.h3 Nb8 10.d4 Nbd7 11.c4 Bb7 12.Nc3 bxc4 13.Bxc4 Nb6 14.Bb3 exd4 15.Nxd4 
Nfd7 16.Nf5 Bf6 17.Qg4 Ne5 18.Qg3 Ng6 19.Be3 Re8 20.Bxb6 Be5 21.Qf3 cxb6 
22.Bxf7+ Kh8 23.Bxe8 Qxe8 24.Rad1 Rd8 25.Qe3 1-0

[Event "XIII American Continental"]
[Site "Montevideo URU"]
[Date "2018.06.01"]
[Round "1"]
[White "Ramos, Angelo Bil"]
[Black "Campora, Daniel Hugo"]
[Result "0-1"]
[WhiteElo "1926"]
[BlackElo "2424"]
[EventDate "2018.06.01"]
[PlyCount "92"]

1.e4 e5 2.Nf3 Nc6 3.Bb5 Nf6 4.O-O Be7 5.Re1 d6 6.d4 Bd7 7.Nc3 exd4 8.Nxd4 
Nxd4 9.Qxd4 Bxb5 10.Nxb5 O-O 11.c4 Nd7 12.Be3 Re8 13.Qd2 Ne5 14.b3 Ng4 15.
Bf4 Bh4 16.Bg3 Bxg3 17.hxg3 a6 18.Nc3 h5 19.Rad1 Qb8 20.a4 Nf6 21.Qd3 a5 
22.Re3 Re6 23.Nb5 Ng4 24.Re2 Ne5 25.Qc2 Nd7 26.Rde1 Re8 27.Qc3 Qd8 28.Qf3 
c6 29.Nd4 g6 30.Qf4 Nc5 31.Rd1 Qe7 32.f3 Rad8 33.Qd2 Qc7 34.Qg5 Re5 35.Qf6
Rde8 36.Kh2 Qe7 37.Qxe7 R5xe7 38.Red2 Rd7 39.Rc1 Kf8 40.Kh3 Ke7 41.g4 
hxg4+ 42.Kxg4 Rh8 43.Rdd1 Kf6 44.Rh1 Rxh1 45.Rxh1 d5 46.exd5 cxd5 0-1

[Event "XIII American Continental"]
[Site "Montevideo URU"]
[Date "2018.06.01"]
[Round "1"]
[White "Quintiliano Pinto, Renato Rodrigues"]
[Black "Pena Canapa, Alfredo"]
[Result "1-0"]
[WhiteElo "2423"]
[BlackElo "1925"]
[EventDate "2018.06.01"]
[PlyCount "49"]

1.e4 e5 2.Nf3 Nc6 3.Bc4 Bc5 4.O-O a6 5.c3 Ba7 6.d4 Qe7 7.dxe5 Nxe5 8.Nxe5 
Qxe5 9.Nd2 d6 10.Nf3 Qe7 11.e5 dxe5 12.Nxe5 Be6 13.Bxe6 Qxe6 14.Re1 Ne7 
15.Nf3 Qd7 16.Qe2 Bc5 17.Bg5 f6 18.Rad1 Qf5 19.b4 fxg5 20.bxc5 Qf6 21.c6 
bxc6 22.Ne5 Rd8 23.Rxd8+ Kxd8 24.Qxa6 Rf8 25.Rd1+ 1-0

[Event "XIII American Continental"]
[Site "Montevideo URU"]
[Date "2018.06.01"]
[Round "1"]
[White "Suarez, Pedro"]
[Black "Escalante Ramirez, Brian Sebastian"]
[Result "0-1"]
[WhiteElo "1924"]
[BlackElo "2422"]
[EventDate "2018.06.01"]
[PlyCount "68"]

1.d4 Nf6 2.c4 g6 3.Nc3 Bg7 4.e4 d6 5.Nf3 O-O 6.Be2 Na6 7.O-O e5 8.d5 Nc5 
9.Qc2 a5 10.Bg5 h6 11.Be3 b6 12.a3 a4 13.Nd2 Bd7 14.f4 exf4 15.Bxf4 Ng4 
16.Bxg4 Bxg4 17.h3 Bd7 18.Nf3 g5 19.Bg3 f5 20.Rae1 Bxc3 21.bxc3 Nxe4 22.
Rxe4 fxe4 23.Qxe4 Qf6 24.Qd4 Rae8 25.Qxf6 Rxf6 26.Nd4 Rxf1+ 27.Kxf1 Bf5 
28.Kf2 Bd3 29.Ne6 Re7 30.Ke3 Bxc4 31.Kd4 Bf1 32.h4 Bxg2 33.c4 Bh3 34.Nd8 
Bf5 0-1

[Event "XIII American Continental"]
[Site "Montevideo URU"]
[Date "2018.06.01"]
[Round "1"]
[White "Slipak, Sergio"]
[Black "Moyses Sobrinho, Elias"]
[Result "1-0"]
[WhiteElo "2420"]
[BlackElo "1920"]
[EventDate "2018.06.01"]
[PlyCount "63"]

1.d4 Nf6 2.Nf3 d5 3.c4 g6 4.cxd5 Nxd5 5.e4 Nb6 6.h3 Bg7 7.Nc3 O-O 8.Be3 
Nc6 9.Bb5 Bd7 10.O-O a6 11.Be2 e6 12.Qd2 Qe7 13.Rac1 Rfd8 14.Rfd1 Qb4 15.
Qc2 Rac8 16.e5 Nd5 17.Bg5 Re8 18.Ne4 Qf8 19.Nc5 Nb6 20.Nxb7 f6 21.exf6 
Bxf6 22.Bxf6 Qxf6 23.Nc5 Nb8 24.Ne5 Bb5 25.Bf3 Rf8 26.Re1 Nd5 27.Bg4 Nf4 
28.g3 h5 29.gxf4 hxg4 30.Nxg4 Qxf4 31.Qxg6+ Kh8 32.Re5 1-0

[Event "XIII American Continental"]
[Site "Montevideo URU"]
[Date "2018.06.01"]
[Round "1"]
[White "Ruggiero, Alvaro"]
[Black "Thavandiran, Shiyam"]
[Result "0-1"]
[WhiteElo "1894"]
[BlackElo "2417"]
[EventDate "2018.06.01"]
[PlyCount "68"]

1.e4 c6 2.d4 d5 3.exd5 cxd5 4.Nf3 Nf6 5.Bd3 Nc6 6.c3 g6 7.O-O Bf5 8.Qc2 e6
9.Re1 Bxd3 10.Qxd3 Bg7 11.Nbd2 O-O 12.Nb3 Ne4 13.Nfd2 Nd6 14.Nf3 Nc4 15.
Nbd2 b5 16.b3 Nd6 17.Ba3 b4 18.cxb4 Qb6 19.b5 Nxd4 20.Bxd6 Nxf3+ 21.Nxf3 
Qxd6 22.Rac1 Rac8 23.a4 e5 24.Qd2 d4 25.Rxc8 Rxc8 26.Rc1 Rc5 27.h3 e4 28.
Rxc5 Qxc5 29.Ne1 d3 30.Kf1 Qc3 31.Qd1 Bd4 32.Kg1 Qb2 33.Nxd3 exd3 34.Qxd3 
Qxf2+ 0-1

[Event "XIII American Continental"]
[Site "Montevideo URU"]
[Date "2018.06.01"]
[Round "1"]
[White "Gemy Vargas, Jose Daniel"]
[Black "Busca, Joaquin"]
[Result "1-0"]
[WhiteElo "2393"]
[BlackElo "1889"]
[EventDate "2018.06.01"]
[PlyCount "61"]

1.e4 c6 2.d4 d5 3.exd5 cxd5 4.Nf3 Nf6 5.c3 e6 6.Bf4 Nc6 7.Nbd2 Bd6 8.Bg3 
O-O 9.Bd3 Re8 10.Ne5 Bxe5 11.dxe5 Nd7 12.Nf3 Nf8 13.O-O a6 14.a4 Rb8 15.
Qe2 Bd7 16.h4 b5 17.axb5 axb5 18.h5 h6 19.b4 d4 20.Nxd4 Nxd4 21.cxd4 Bc6 
22.Qg4 Qd5 23.Bh4 Ra8 24.Rae1 Ra4 25.Be4 Qd7 26.Bf6 Ng6 27.Bxc6 Qxc6 28.
hxg6 gxf6 29.exf6 e5 30.gxf7+ Kxf7 31.Qh5+ 1-0

[Event "XIII American Continental"]
[Site "Montevideo URU"]
[Date "2018.06.01"]
[Round "1"]
[White "Ledezma Panades, Hernan Javier"]
[Black "Pierrot, Facundo"]
[Result "0-1"]
[WhiteElo "1887"]
[BlackElo "2392"]
[EventDate "2018.06.01"]
[PlyCount "60"]

1.e4 e5 2.Nf3 Nc6 3.Bc4 Bc5 4.O-O Nf6 5.d3 d6 6.c3 a6 7.a4 O-O 8.h3 h6 9.
Re1 Ba7 10.Nbd2 Be6 11.Bxe6 fxe6 12.Nf1 Nh5 13.Be3 Nf4 14.b4 Qf6 15.Bxa7 
Rxa7 16.Re3 d5 17.N3h2 d4 18.Rf3 dxc3 19.Ng4 Qg5 20.Rg3 Nd4 21.Ra2 a5 22.
bxa5 Rxa5 23.Nfe3 b5 24.Kh1 b4 25.Nc2 Nfe2 26.Nxb4 Nxg3+ 27.fxg3 Rb8 28.
Nc2 Rb2 29.Rxb2 cxb2 30.Nce3 Rxa4 0-1

[Event "XIII American Continental"]
[Site "Montevideo URU"]
[Date "2018.06.01"]
[Round "1"]
[White "Bick, Gabriel"]
[Black "Pinero, Ismael"]
[Result "1-0"]
[WhiteElo "2391"]
[BlackElo "1883"]
[EventDate "2018.06.01"]
[PlyCount "47"]

1.e4 c5 2.Nf3 Nc6 3.Bb5 g6 4.Bxc6 dxc6 5.d3 Bg7 6.h3 h6 7.a4 a5 8.O-O Nf6 
9.Be3 Nd7 10.Qc1 e5 11.Na3 Qe7 12.Nc4 b6 13.Nfd2 Ra6 14.f4 O-O 15.Nf3 f6 
16.fxe5 Nxe5 17.Ncxe5 fxe5 18.Bxh6 c4 19.dxc4 Qc5+ 20.Kh2 Qxc4 21.Qg5 Qxe4
22.Bxg7 Kxg7 23.Qe7+ Kg8 24.Ng5 1-0

[Event "XIII American Continental"]
[Site "Montevideo URU"]
[Date "2018.06.01"]
[Round "1"]
[White "Barandiaran, Gabriel"]
[Black "Santarius, Erik"]
[Result "0-1"]
[WhiteElo "1882"]
[BlackElo "2387"]
[EventDate "2018.06.01"]
[PlyCount "98"]

1.e4 c6 2.Nf3 d5 3.Nc3 Nf6 4.exd5 cxd5 5.d4 Bg4 6.Be2 e6 7.O-O Nc6 8.h3 
Bh5 9.Be3 Bd6 10.Qd2 O-O 11.a3 Rc8 12.Rfd1 a6 13.Bg5 Qc7 14.Nh4 Bg6 15.
Nxg6 hxg6 16.Bxf6 gxf6 17.Qh6 Bf4 18.Qh4 Kg7 19.g3 Bd6 20.Qg4 f5 21.Qg5 
Be7 22.Qe3 Bf6 23.Na4 b5 24.Nc5 Nxd4 25.Nxa6 Qxc2 26.Rxd4 Qxb2 27.Rad1 
Bxd4 28.Qxd4+ Qxd4 29.Rxd4 Rc1+ 30.Kg2 Ra1 31.Bxb5 Rxa3 32.Bf1 Rc8 33.Nb4 
Rb3 34.Nd3 Rc2 35.Ne1 Ra2 36.Rd1 Kf6 37.Nd3 Ra5 38.f4 Ke7 39.g4 fxg4 40.
hxg4 f6 41.Re1 Raa3 42.Re3 Kd6 43.g5 fxg5 44.fxg5 e5 45.Rh3 e4 46.Nf4 Rxh3
47.Nxh3 Ke5 48.Kf2 d4 49.Ke1 d3 0-1

[Event "XIII American Continental"]
[Site "Montevideo URU"]
[Date "2018.06.01"]
[Round "1"]
[White "Ruiz Castillo, Joshua Daniel"]
[Black "Davila Texeira, Mario"]
[Result "1-0"]
[WhiteElo "2378"]
[BlackElo "1873"]
[EventDate "2018.06.01"]
[PlyCount "91"]

1.e4 e5 2.Nf3 Nf6 3.Nxe5 d6 4.Nf3 Nxe4 5.Nc3 Nxc3 6.dxc3 Be7 7.Bf4 Be6 8.
Qd2 a6 9.O-O-O Nc6 10.a3 h6 11.h3 Qd7 12.Kb1 O-O-O 13.Nd4 Kb8 14.Nxe6 fxe6
15.g3 g5 16.Be3 Rhf8 17.h4 Ne5 18.hxg5 hxg5 19.Rh7 Rf7 20.Rxf7 Nxf7 21.Qd4
c5 22.Qg7 Bf8 23.Qg6 Qe7 24.Bh3 Re8 25.Bg2 Rc8 26.Bh3 Re8 27.Bg2 Rc8 28.
Rh1 d5 29.Rh7 Ne5 30.Rxe7 Nxg6 31.Rxe6 d4 32.Bxg5 Nh8 33.Bf4+ Ka7 34.cxd4 
Nf7 35.Rf6 Nh8 36.dxc5 Bxc5 37.Be5 Re8 38.f4 Rg8 39.f5 Rd8 40.Bf3 Bf2 41.
g4 Rd7 42.g5 Nf7 43.Bf4 Bh4 44.Rg6 Bxg5 45.Bxg5 Ne5 46.Be3+ 1-0

[Event "XIII American Continental"]
[Site "Montevideo URU"]
[Date "2018.06.01"]
[Round "1"]
[White "Belistri, Ubaldo"]
[Black "Soto Vega, Jorge"]
[Result "0-1"]
[WhiteElo "1867"]
[BlackElo "2357"]
[EventDate "2018.06.01"]
[PlyCount "58"]

1.d4 Nf6 2.c4 g6 3.Nc3 Bg7 4.e4 d6 5.f3 c6 6.Be3 a6 7.Qd2 b5 8.Bd3 Nbd7 9.
Nge2 O-O 10.Rc1 e5 11.c5 b4 12.Na4 d5 13.O-O dxe4 14.fxe4 Ng4 15.Bg5 Qa5 
16.b3 exd4 17.Bc4 Ne3 18.Nxd4 Nxf1 19.Bxf1 Ne5 20.Be7 Rd8 21.Bxd8 Qxd8 22.
Rd1 Bg4 23.Be2 Qh4 24.Bxg4 Qxg4 25.Qe2 Rd8 26.Kf2 Qf4+ 27.Nf3 Ng4+ 28.Kg1 
Rxd1+ 29.Qxd1 Qe3+ 0-1

[Event "XIII American Continental"]
[Site "Montevideo URU"]
[Date "2018.06.01"]
[Round "1"]
[White "De Dovitiis, Alejo"]
[Black "Zaruski, Julio"]
[Result "1-0"]
[WhiteElo "2343"]
[BlackElo "1862"]
[EventDate "2018.06.01"]
[PlyCount "97"]

1.e4 c6 2.d4 d5 3.exd5 cxd5 4.Bd3 Nf6 5.c3 g6 6.Nf3 Bg7 7.Bf4 O-O 8.Nbd2 
Bg4 9.h3 Bxf3 10.Nxf3 Nbd7 11.Qb3 Qb6 12.O-O Rac8 13.Rfe1 e6 14.Re2 a6 15.
Ne5 Qxb3 16.axb3 Nxe5 17.dxe5 Nd7 18.b4 Nb6 19.Be3 Nd7 20.Bd4 Rc7 21.f4 
Bh6 22.Rf1 Ra8 23.g4 Nb8 24.h4 Nc6 25.Bb6 Rd7 26.b5 axb5 27.Bxb5 Bf8 28.h5
d4 29.Bxc6 bxc6 30.Bxd4 c5 31.Be3 Ra2 32.Kf2 Rb7 33.Bc1 Rd7 34.Ree1 Be7 
35.Rd1 Rxd1 36.Rxd1 c4 37.h6 f6 38.Rd7 Bc5+ 39.Kf3 fxe5 40.Rg7+ Kf8 41.
Rxh7 Ra7 42.Rh8+ Kf7 43.Rc8 Bf8 44.h7 Bg7 45.fxe5 Bxe5 46.Be3 Rb7 47.Bd4 
Bxd4 48.cxd4 Rb3+ 49.Kf4 1-0

[Event "XIII American Continental"]
[Site "Montevideo URU"]
[Date "2018.06.01"]
[Round "1"]
[White "Marrero, Javier"]
[Black "Lujan, Carolina"]
[Result "0-1"]
[WhiteElo "1849"]
[BlackElo "2341"]
[EventDate "2018.06.01"]
[PlyCount "38"]

1.d4 Nf6 2.c4 g6 3.Nc3 d5 4.Bf4 Bg7 5.e3 O-O 6.cxd5 Nxd5 7.Nxd5 Qxd5 8.
Bxc7 Na6 9.Bg3 Bf5 10.a3 Rac8 11.Nf3 Rc2 12.Bd3 Bxd3 13.Qxd3 Qa5+ 14.Nd2 
Nb4 15.Qe2 Nd5 16.Rb1 Rfc8 17.Qd3 Rxb2 18.Rxb2 Rc1+ 19.Ke2 Nc3+ 0-1

[Event "XIII American Continental"]
[Site "Montevideo URU"]
[Date "2018.06.01"]
[Round "1"]
[White "Varacalli, Francisco"]
[Black "Cortes Arias, Mariela"]
[Result "1-0"]
[WhiteElo "2312"]
[BlackElo "1830"]
[EventDate "2018.06.01"]
[PlyCount "61"]

1.e4 c5 2.Nf3 Nc6 3.d4 cxd4 4.Nxd4 g6 5.Nc3 Bg7 6.Be3 Nf6 7.Bc4 Qa5 8.O-O 
O-O 9.Bb3 d6 10.h3 Bd7 11.Re1 Nxd4 12.Bxd4 Bc6 13.Nd5 Bxd5 14.exd5 Qc7 15.
Re2 a5 16.Ba4 Qc4 17.c3 b5 18.Bb3 Qc7 19.a4 Rab8 20.axb5 Rxb5 21.c4 Rb7 
22.Bc3 Qb6 23.Ra3 Nd7 24.Bxg7 Kxg7 25.Rxe7 Nc5 26.Qd4+ Kg8 27.Rxb7 Qxb7 
28.Ba4 Qb4 29.Bb5 Qe1+ 30.Kh2 Ne4 31.Re3 1-0

[Event "XIII American Continental"]
[Site "Montevideo URU"]
[Date "2018.06.01"]
[Round "1"]
[White "Visillac, Alejandro"]
[Black "Aranha Filho, Alvaro Zimmermann"]
[Result "0-1"]
[WhiteElo "1830"]
[BlackElo "2304"]
[EventDate "2018.06.01"]
[PlyCount "34"]

1.e4 c5 2.Nf3 Nc6 3.d3 g6 4.g3 Bg7 5.Bg2 e5 6.Nc3 Nge7 7.Nd2 O-O 8.Nc4 d6 
9.Ne3 f5 10.exf5 gxf5 11.Ned5 f4 12.Bd2 Nd4 13.Be4 Ng6 14.Ne2 Bg4 15.Ndc3 
d5 16.Bxd5+ Qxd5 17.Nxd5 Nf3+ 0-1

[Event "XIII American Continental"]
[Site "Montevideo URU"]
[Date "2018.06.01"]
[Round "1"]
[White "Foisor, Sabina-Francesca"]
[Black "Ortiz, Jorge"]
[Result "1-0"]
[WhiteElo "2301"]
[BlackElo "1784"]
[EventDate "2018.06.01"]
[PlyCount "59"]

1.d4 Nf6 2.Nf3 g6 3.g3 Bg7 4.Bg2 O-O 5.c4 c5 6.O-O d6 7.Nc3 Nc6 8.d5 Nb8 
9.Qc2 Nbd7 10.h3 a6 11.a4 a5 12.e4 Ne8 13.b3 Ne5 14.Nh2 f6 15.f4 Nf7 16.
Bb2 Nc7 17.Rae1 Rb8 18.h4 f5 19.Nd1 fxe4 20.Bxg7 Kxg7 21.Qc3+ Kg8 22.Bxe4 
Nh6 23.Nf2 e5 24.fxe5 dxe5 25.Qxe5 Nf7 26.Qc3 Ne8 27.Nfg4 Ng7 28.Nf6+ Kh8 
29.h5 gxh5 30.Nxh7 1-0

[Event "XIII American Continental"]
[Site "Montevideo URU"]
[Date "2018.06.01"]
[Round "1"]
[White "Marques, Ubiratan De Azevedo"]
[Black "Grabinsky, Aaron"]
[Result "0-1"]
[WhiteElo "1777"]
[BlackElo "2296"]
[EventDate "2018.06.01"]
[PlyCount "100"]

1.d4 Nf6 2.Nf3 e6 3.Bf4 c5 4.c3 Qb6 5.Qc2 Be7 6.Nbd2 Nh5 7.Be3 Nc6 8.Nc4 
Qa6 9.Nce5 cxd4 10.cxd4 Qb6 11.Nxc6 bxc6 12.d5 Qa5+ 13.Bd2 Qxd5 14.e4 Qc5 
15.Rc1 Qxc2 16.Rxc2 Nf6 17.Bd3 a5 18.O-O Ba6 19.Bxa6 Rxa6 20.Re1 O-O 21.a3
a4 22.Bg5 Rb8 23.h3 h6 24.Bh4 Kf8 25.Ne5 Ke8 26.f4 Rb5 27.Nd3 Rab6 28.Bf2 
Rb8 29.Bc5 Bxc5+ 30.Nxc5 Rxb2 31.Rxb2 Rxb2 32.Nxa4 Rb3 33.Kf2 Rxa3 34.Nc5 
d5 35.e5 Nd7 36.Nb7 c5 37.Nd6+ Ke7 38.Nc8+ Kd8 39.Nd6 Ke7 40.Nc8+ Kf8 41.
Rb1 c4 42.Rb7 Nc5 43.Rb8 Nd3+ 44.Ke2 Nxf4+ 45.Kd2 Ra2+ 46.Kd1 g5 47.Nd6+ 
Kg7 48.Rb7 c3 49.Rxf7+ Kg8 50.Rc7 Rd2+ 0-1

[Event "XIII American Continental"]
[Site "Montevideo URU"]
[Date "2018.06.01"]
[Round "1"]
[White "Muniz, Rafael"]
[Black "Campora, Edgardo"]
[Result "1-0"]
[WhiteElo "2290"]
[BlackElo "1772"]
[EventDate "2018.06.01"]
[PlyCount "47"]

1.e4 g6 2.d4 Bg7 3.Nc3 d6 4.h3 Nf6 5.Nf3 O-O 6.Be3 a6 7.a4 Nbd7 8.a5 e5 9.
Bc4 Qe7 10.d5 h6 11.g4 Nc5 12.Nd2 b5 13.axb6 cxb6 14.f3 b5 15.Be2 Bb7 16.
b4 Ncd7 17.Nb3 Rfc8 18.Qd2 Qd8 19.Na5 Qc7 20.Ra3 h5 21.O-O Nb6 22.Nd1 Qxc2
23.Qxc2 Rxc2 24.Bd3 1-0

[Event "XIII American Continental"]
[Site "Montevideo URU"]
[Date "2018.06.01"]
[Round "1"]
[White "Lanaro, Emilio"]
[Black "Colas, Joshua"]
[Result "0-1"]
[WhiteElo "1760"]
[BlackElo "2285"]
[EventDate "2018.06.01"]
[PlyCount "94"]

1.e4 c5 2.Nf3 e6 3.c4 a6 4.Be2 Qc7 5.Nc3 Nc6 6.d3 Nf6 7.h3 Be7 8.Be3 O-O 
9.O-O Rd8 10.a3 d5 11.exd5 exd5 12.Nxd5 Nxd5 13.cxd5 Rxd5 14.Qd2 Bf5 15.
Bf4 Qd7 16.Rfd1 Rd8 17.Qe3 Bf6 18.Ne1 Bxb2 19.Ra2 Bd4 20.Qg3 Be5 21.Bf3 
Bxf4 22.Qxf4 Rd4 23.Bxc6 Rxf4 24.Bxd7 Rxd7 25.Rb2 h6 26.Rc1 Bxd3 27.Nxd3 
Rxd3 28.Rxb7 Rxa3 29.Rb8+ Kh7 30.Rxc5 Ra1+ 31.Kh2 Rxf2 32.Ra8 Raa2 33.Ra7 
Rxg2+ 34.Kh1 Rh2+ 35.Kg1 Rxh3 36.Rxf7 Rg3+ 37.Kf1 Rb3 38.Rc1 a5 39.Rf2 
Rxf2+ 40.Kxf2 Rb6 41.Ra1 Ra6 42.Ra4 g5 43.Kg2 Kg6 44.Kf2 Kf5 45.Kf3 Ke5 
46.Kg4 Kd5 47.Kh5 Kc5 0-1

[Event "XIII American Continental"]
[Site "Montevideo URU"]
[Date "2018.06.01"]
[Round "1"]
[White "Kimelman Bercovici, Gabriel"]
[Black "Areco, Antonio"]
[Result "1-0"]
[WhiteElo "2279"]
[BlackElo "1746"]
[EventDate "2018.06.01"]
[PlyCount "67"]

1.c4 e5 2.g3 Nf6 3.Bg2 d5 4.cxd5 Nxd5 5.Nc3 Nb6 6.Nf3 Nc6 7.a3 g6 8.d3 h6 
9.b4 a6 10.Bb2 Bg7 11.Rc1 Nd4 12.Ne4 O-O 13.Nc5 c6 14.O-O Qe7 15.Nxd4 exd4
16.Rc2 Rd8 17.Re1 Nd5 18.Qa1 Nb6 19.Nb3 Qd6 20.e3 Na4 21.Bxd4 Bxd4 22.Nxd4
Bd7 23.Qc1 Re8 24.h4 h5 25.Ne2 Rad8 26.Nf4 Bg4 27.Rc4 Qf6 28.d4 Nb6 29.Rc5
Na4 30.Rg5 Kh7 31.Qc2 Nb6 32.Be4 Kh6 33.Bxg6 Rxd4 34.Bxf7 1-0

[Event "XIII American Continental"]
[Site "Montevideo URU"]
[Date "2018.06.01"]
[Round "1"]
[White "Palmieri, Daniel"]
[Black "Coro, Lucas"]
[Result "0-1"]
[WhiteElo "1746"]
[BlackElo "2269"]
[EventDate "2018.06.01"]
[PlyCount "58"]

1.d4 Nf6 2.Bf4 c5 3.e3 Qb6 4.Nc3 e6 5.Nb5 Nd5 6.dxc5 Bxc5 7.Bxb8 Rxb8 8.
Nf3 a6 9.Nbd4 Qxb2 10.Bd3 Nc3 11.Qc1 Qxc1+ 12.Rxc1 Ba3 13.Ra1 Bb2 14.Kd2 
Bxa1 15.Rxa1 Na4 16.Rb1 Nc5 17.Be2 d6 18.a4 Bd7 19.a5 Ke7 20.Rb6 e5 21.Nb3
Rhc8 22.Nxc5 Rxc5 23.Bxa6 Rxa5 24.Rxb7 Rxb7 25.Bxb7 Be6 26.Ke2 Kd7 27.Ne1 
d5 28.e4 dxe4 29.Bxe4 f5 0-1

[Event "XIII American Continental"]
[Site "Montevideo URU"]
[Date "2018.06.01"]
[Round "1"]
[White "Larrea, Manuel"]
[Black "Malan, Lucia"]
[Result "1-0"]
[WhiteElo "2268"]
[BlackElo "1733"]
[EventDate "2018.06.01"]
[PlyCount "53"]

1.e4 c5 2.Nf3 d6 3.d4 cxd4 4.Nxd4 Nf6 5.Nc3 g6 6.Be3 Bg7 7.f3 Nc6 8.Qd2 
Bd7 9.Bc4 O-O 10.O-O-O Rc8 11.Bb3 Ne5 12.h4 h5 13.Rdg1 Nc4 14.Bxc4 Rxc4 
15.g4 Qa5 16.Nf5 gxf5 17.gxf5 Ng4 18.fxg4 Bxc3 19.gxh5+ Kh7 20.bxc3 Qxa2 
21.Qd3 Rfc8 22.Bd4 f6 23.Rh3 Rg8 24.Rg6 Be8 25.Qe3 Bxg6 26.hxg6+ Kh8 27.
Qh6# 1-0

[Event "XIII American Continental"]
[Site "Montevideo URU"]
[Date "2018.06.01"]
[Round "1"]
[White "Nakle, Gonzalo"]
[Black "Cimer, Emanuel"]
[Result "0-1"]
[WhiteElo "1706"]
[BlackElo "2262"]
[EventDate "2018.06.01"]
[PlyCount "48"]

1.d4 Nf6 2.c4 g6 3.Nc3 Bg7 4.e4 d6 5.Nf3 O-O 6.Be2 Nbd7 7.O-O e5 8.d5 Nc5 
9.Qc2 a5 10.Be3 Ng4 11.Bg5 f6 12.Bh4 g5 13.h3 Nh6 14.Bg3 f5 15.Qd2 f4 16.
Bh2 g4 17.hxg4 Nxg4 18.Rab1 Rf6 19.g3 Rh6 20.Nh4 Nxh2 21.Kxh2 Bf6 22.Rg1 
Qd7 23.Bg4 Qxg4 24.gxf4 Rxh4# 0-1

[Event "XIII American Continental"]
[Site "Montevideo URU"]
[Date "2018.06.01"]
[Round "1"]
[White "Pacheco, Daniel"]
[Black "Ferrari, Carlos"]
[Result "1-0"]
[WhiteElo "2256"]
[BlackElo "1703"]
[EventDate "2018.06.01"]
[PlyCount "41"]

1.d4 Nf6 2.Bf4 e6 3.Nf3 d5 4.Nbd2 c6 5.e3 h6 6.h4 Qb6 7.Rb1 Nbd7 8.Bd3 Be7
9.c3 c5 10.Ne5 Qd8 11.Qf3 Nxe5 12.Bxe5 cxd4 13.exd4 h5 14.Qg3 Kf8 15.Nf3 
Ng4 16.Bc7 Qe8 17.O-O Bd7 18.Rfe1 f6 19.c4 Qf7 20.cxd5 exd5 21.Rxe7 1-0

[Event "XIII American Continental"]
[Site "Montevideo URU"]
[Date "2018.06.01"]
[Round "1"]
[White "Gomes, Marco Tulio Caldeira"]
[Black "Kapitanchuk, Tomas"]
[Result "0-1"]
[WhiteElo "1692"]
[BlackElo "2253"]
[EventDate "2018.06.01"]
[PlyCount "64"]

1.c4 Nf6 2.Nc3 c5 3.Nf3 e6 4.e4 Nc6 5.g3 g6 6.Bg2 Bg7 7.O-O O-O 8.a3 d6 9.
Rb1 Nd7 10.d3 a6 11.Bd2 Nd4 12.Nxd4 cxd4 13.Ne2 Rb8 14.b4 b5 15.cxb5 axb5 
16.Qb3 Nb6 17.f4 Kh8 18.Rbc1 f5 19.Rc2 fxe4 20.dxe4 Nc4 21.Bc1 e5 22.Qd3 
Be6 23.h3 d5 24.g4 dxe4 25.Bxe4 Nd6 26.Ng3 Bc4 27.Qf3 Bxf1 28.Nxf1 Nxe4 
29.Qxe4 Rc8 30.Rc5 Rxc5 31.bxc5 exf4 32.Bxf4 Qf6 0-1

[Event "XIII American Continental"]
[Site "Montevideo URU"]
[Date "2018.06.01"]
[Round "1"]
[White "Jodorcovsky Werjivker, Paulo"]
[Black "Do Prado, Hamilton Mesquita"]
[Result "1-0"]
[WhiteElo "2249"]
[BlackElo "1681"]
[EventDate "2018.06.01"]
[PlyCount "53"]

1.d4 d5 2.Nf3 Nf6 3.e3 c6 4.c4 Bf5 5.cxd5 cxd5 6.Qb3 Qb6 7.Qxb6 axb6 8.Nc3
e6 9.Bb5+ Nbd7 10.Ne5 Bb4 11.g4 Bxg4 12.Bxd7+ Nxd7 13.Nxg4 f6 14.f4 b5 15.
Bd2 Bxc3 16.Bxc3 Nb6 17.b3 Kf7 18.Kd2 Ra6 19.Rhc1 Rha8 20.Rc2 Nd7 21.Bb4 
b6 22.a3 R6a7 23.Rac1 h5 24.Nf2 f5 25.Nh3 Kg6 26.Ng5 Nf8 27.Bxf8 1-0

[Event "XIII American Continental"]
[Site "Montevideo URU"]
[Date "2018.06.01"]
[Round "1"]
[White "Reolon, Victor"]
[Black "Betaneli, Alexander"]
[Result "0-1"]
[WhiteElo "1678"]
[BlackElo "2246"]
[EventDate "2018.06.01"]
[PlyCount "30"]

1.e4 d5 2.exd5 Qxd5 3.Nc3 Qd6 4.Nf3 Nf6 5.Be2 c6 6.b3 Bf5 7.d4 e6 8.Ne5 
Nbd7 9.Nc4 Qc7 10.Bg5 Nd5 11.Qd2 Bb4 12.Bf4 Nxf4 13.Bf3 Nd5 14.Bxd5 cxd5 
15.a3 Bxc3 0-1

[Event "XIII American Continental"]
[Site "Montevideo URU"]
[Date "2018.06.01"]
[Round "1"]
[White "Vergara Jofre, Felipe"]
[Black "Solari, Pablo"]
[Result "1-0"]
[WhiteElo "2245"]
[BlackElo "1678"]
[EventDate "2018.06.01"]
[PlyCount "79"]

1.e4 e6 2.d4 d5 3.e5 c5 4.c3 Nc6 5.Nf3 Qb6 6.a3 f6 7.exf6 Nxf6 8.b4 c4 9.
Bf4 Be7 10.g3 Bd7 11.Nbd2 a5 12.Bg2 O-O 13.O-O Nh5 14.Ne5 Nxe5 15.Bxe5 Nf6
16.Re1 Bd6 17.Bh3 Bxe5 18.Rxe5 axb4 19.axb4 Rxa1 20.Qxa1 Ne8 21.Kg2 Nc7 
22.Nf3 Be8 23.Qe1 Rf6 24.Ng5 Bd7 25.Bg4 h6 26.Nh3 Be8 27.Nf4 Bf7 28.h4 Qa6
29.Qe3 Kf8 30.Bh3 Bg6 31.Kh2 Be4 32.f3 Qa2+ 33.Bg2 Bf5 34.g4 Bd3 35.g5 
hxg5 36.hxg5 Rg6 37.Nxg6+ Bxg6 38.Qf4+ Ke7 39.Re3 Bd3 40.Qxc7+ 1-0